| 000 -ლიდერი |
| ფიქსირებული სიგრძის საკონტროლო ველი |
02043nam a2200313Ia 4500 |
| 001 - საკონტროლო ნომერი |
| საკონტროლო ველი |
22724 |
| 003 - საკონტროლო ნომრის იდენტიფიკატორი |
| საკონტროლო ველი |
GE_BSU |
| 005 - ბოლო ოპერაციის თარიღი და დრო |
| საკონტროლო ველი |
20230427171850.0 |
| 008 - ფიქსირებული სიგრძის მონაცემთა ელემენტები - ზოგადი ინფორმაცია |
| ფიქსირებული სიგრძის საკონტროლო ველი |
181216s ||||ge |||||||||||||| ||geo|| |
| 020 ## - წიგნის საერთაშორისო სტანდარტული ნომერი |
| International Standard Book Number |
9789941137181 |
| 040 ## - კატალოგიზაციის წყარო |
| Transcribing agency |
GE_BSU |
| 041 ## - ენის კოდი |
| Language code of text/sound track or separate title |
geo |
| 080 ## - უნივერსალური ათობითი კლასიფიკაციის ინდექსი |
| Universal Decimal Classification number |
94(479.22)(038) ს-32 |
| 245 ## - ცნობა სათაურის შესახებ |
| Title |
საქართველოს დემოკრატიული რესპუბლიკა : 1918-1921 : |
| Remainder of title |
ენციკლოპედია-ლექსიკონი / |
| Statement of responsibility, etc |
მთავარი რედაქტორი დიმიტრი შველიძე ; გამოცემის მთავარი რედაქტორი - ზურაბ გაიპარაშვილი ; ტექსტის რედაქტორები : ცირა ჯიშკარიანი, დალი გერმანიშვილი. |
| 264 ## - წარმოების, გამოცემის, დისტრიბუციის და სხვა ცნობები |
| გამოცემის, წარმოების, დისტრიბუციის... ადგილი |
თბილისი : |
| გამოცემის, წარმოების, დისტრიბუციის... სახელწოდება |
უნივერსიტეტის გამომცემლობა, |
| გამოცემის, წარმოების, დისტრიბუციის... თარიღი |
2018. |
| 300 ## - ფიზიკური აღწერა |
| Extent |
554 გვ. : |
| Other physical details |
ილ. ; |
| Dimensions |
27 სმ. |
| 653 ## - INDEX TERM--UNCONTROLLED |
| Uncontrolled term |
ენციკლოპედია |
| 653 ## - INDEX TERM--UNCONTROLLED |
| Uncontrolled term |
ისტორია |
| 653 ## - INDEX TERM--UNCONTROLLED |
| Uncontrolled term |
ლექსიკონი |
| 653 ## - INDEX TERM--UNCONTROLLED |
| Uncontrolled term |
საქართველოს დემოკრატიული რესპუბლიკა 1918-1921 |
| 653 ## - INDEX TERM--UNCONTROLLED |
| Uncontrolled term |
ენციკლოპედია-ლექსიკონი |
| 700 ## - ADDED ENTRY--PERSONAL NAME |
| Personal name |
შველიძე, დიმიტრი |
| Relator term |
რედაქტორი |
| 9 (RLIN) |
17851 |
| 700 ## - ADDED ENTRY--PERSONAL NAME |
| Personal name |
გაიპარაშვილი, ზურაბ |
| Relator term |
რედაქტორი |
| 9 (RLIN) |
8311 |
| 700 ## - ADDED ENTRY--PERSONAL NAME |
| Personal name |
ჯიშკარიანი, ცირა |
| Relator term |
რედაქტორი |
| 9 (RLIN) |
5060 |
| 700 ## - ADDED ENTRY--PERSONAL NAME |
| Personal name |
გერმანიშვილი, დალი |
| Relator term |
რედაქტორი |
| 9 (RLIN) |
5061 |
| 710 ## - ADDED ENTRY--CORPORATE NAME |
| Corporate name or jurisdiction name as entry element |
ივანე ჯავახიშვილის სახელობის თბილისის სახელმწიფო უნივერსიტეტი |
| 9 (RLIN) |
17852 |
| 942 ## - ADDED ENTRY ELEMENTS (KOHA) |
| Koha item type |
წიგნი |
| Source of classification or shelving scheme |
|